Statistics for Euro 2020 Group D - Scotland - Czech Republic

Click here to take the quiz!

General Stats

  • This quiz has been taken 33 times
  • The average score is 16 of 34

Answer Stats

Player% Correct
Andrew Robertson
87%
Patrik Schick ²
87%
Tomáš Souček
81%
Scott McTominay
71%
Vladimír Coufal
71%
Ché Adams
65%
Tomáš Vaclík
65%
John McGinn
55%
Adam Hložek
48%
Callum McGregor
48%
David Marshall
48%
Lyndon Dykes
48%
Stuart Armstrong
48%
Alex Král
45%
Grant Hanley
42%
Jaroslav Šilhavý
42%
Tomáš Kalas
42%
Vladimír Darida
42%
Jakub Jankto
39%
Stephen O'Donnell
39%
Tomáš Holeš
39%
James Forrest
35%
Lukáš Masopust
35%
Ondřej Čelůstka
35%
Ryan Christie
35%
Jan Bořil
32%
Liam Cooper
32%
Michael Krmenčík
32%
Jack Hendry
29%
Kevin Nisbet
29%
Petr Ševčík
29%
Ryan Fraser
29%
Steve Clarke
26%
Matěj Vydra
23%

Score Distribution

Percentile by Number Answered

Percent of People with Each Score

Your Score History

You have not taken this quiz